000 01668nam a2200241Ia 4500
003 Ost
005 20260507075446.0
008 260507s9999||||xx |||||||||||||| ||und||
020 _a8049422977
040 _cfsecg
041 _aara
082 _a658.8
100 _aالنجار، فريد
_eمؤلف
245 0 _aالتصدير المعاصر والتحالفات الاستراتيجية /
_c فريد النجار
260 _aالاسكندرية:
_bالدار الجامعية,
_c2008
300 _a453 صفحة؛
_c24 سم
504 _aبيبليوغرافيا ص.443 ملاحق ص. 365
520 _aالحروب التجارية المعاصرة ،إشكالية التصدير العربي ، العولمة وتحديات التصدير ، الاطار العام لتسويق الصادرات العربية ، التنافسية وفرص التصدير الجديدة الادارة الاستراتجية للتصدير إعداد وتنمية البرامج التصديرية المتكاملة إتفاقيات التمثيل التجاري وقسم المنازعات التصديرية ، بحوث التسويق الدولي للصادرات ، تحديد المواصفات النمطية للصادرات ، سلوك المستهلك الدولي ، تميل الصادرات ، دوافع التحالفات الاستراتجية للتصدير ، المشاركة في أرباح التحالفات التجارية ، التحالفات التجارية الاقتصادية وإدارة الأعمال الدولية
653 _aبحوث التسويق
653 _aتصدير
653 _aتنافس
942 _cكتاب
999 _c44583
_d44583